书目信息 |
| 题名: |
草本花卉与景观
|
|
| 作者: | 王意成 著 | |
| 分册: | ||
| 出版信息: | 北京 中国林业出版社 2014 |
|
| 页数: | 10,288页 | |
| 开本: | 23cm | |
| 丛书名: | ||
| 单 册: | ||
| 中图分类: | S68 , TU986.2 | |
| 科图分类: | ||
| 主题词: | 草本植物--花卉--介绍--图集 , 草本植物--花卉--园林植物--景观设计--图集 , 草本植物 , 花卉 , 园林植物 , 景观设计 | |
| 电子资源: | ||
| ISBN: | 978-7-5038-7418-5 | |
| 000 | 01006nam0 2200313 450 | |
| 001 | 012015000032 | |
| 005 | 20151130095607.73 | |
| 010 | @a978-7-5038-7418-5@dCNY98.00 | |
| 100 | @a20141011d2014 em y0chiy50 ea | |
| 101 | 0 | @achi |
| 102 | @aCN@b110000 | |
| 105 | @aa z 001yy | |
| 106 | @ar | |
| 200 | 1 | @a草本花卉与景观@Acao ben hua hui yu jing guan@dHerbaceous flowers and landscape@zeng@f王意成著 |
| 210 | @a北京@c中国林业出版社@d2014 | |
| 215 | @a10,288页@c彩图@d23cm | |
| 330 | @a本书主要内容包括:概论、草本花卉的分类、草本花卉的繁殖、草本花卉的栽培管理、草本花卉的应用、多年生宿根花卉等。 | |
| 510 | 1 | @aHerbaceous flowers and landscape@zeng |
| 606 | 0 | @a草本植物@x花卉@x介绍@j图集 |
| 606 | 0 | @a草本植物@x花卉@x园林植物@x景观设计@j图集 |
| 606 | 0 | @a草本植物 |
| 606 | 0 | @a花卉 |
| 606 | 0 | @a园林植物 |
| 606 | 0 | @a景观设计 |
| 690 | @aS68@v5 | |
| 690 | @aTU986.2@v5 | |
| 701 | 0 | @a王意成@Awang yi cheng@4著 |
| 801 | 0 | @aCN@b碧洲教育@c20151127 |
| 905 | @a10447@f3@dS68@e400 | |
| 草本花卉与景观=Herbaceous flowers and landscape/王意成著.-北京:中国林业出版社,2014 |
| 10,288页:彩图;23cm |
| ISBN 978-7-5038-7418-5:CNY98.00 |
| 本书主要内容包括:概论、草本花卉的分类、草本花卉的繁殖、草本花卉的栽培管理、草本花卉的应用、多年生宿根花卉等。 |
| ● |
| 相关链接 |
|
|
|
|
正题名:草本花卉与景观
索取号:S68/400
 
预约/预借
| 序号 | 登录号 | 条形码 | 馆藏地/架位号 | 状态 | 备注 |
| 1 | 0871684 | 208716843 | 第二样本阅览室/ [索取号:S68/400] | 在馆 | |
| 2 | 0871685 | 208716852 | 第三借阅区/ [索取号:S68/400] | 在馆 | |
| 3 | 0871686 | 208716861 | 第三借阅区/ [索取号:S68/400] | 在馆 |